| 000 | 00603nam a22002057a 4500 | ||
|---|---|---|---|
| 003 | BD-ChCU | ||
| 005 | 20260512141704.0 | ||
| 008 | 260512b ii ||||| |||| 00| 0 eng d | ||
| 020 | _a9788170351573 | ||
| 040 | _cBD-ChCU | ||
| 082 |
_223 _a639.2 L368f |
||
| 100 |
_aLaureti, Edmonodo _922857 |
||
| 245 |
_aFish and fishery products : _bworld apparent consumption statistics based on food, balance sheets1961-1995 / _cEdmonodo, Laureti. |
||
| 250 | _a1ed. | ||
| 260 |
_aNew Delhi : _bDaya Pub., _c1996 |
||
| 300 | _a253 P. : | ||
| 504 | _aIncludes. | ||
| 650 | 0 |
_aFishery. _922858 |
|
| 942 |
_2ddc _cBK _n0 |
||
| 999 |
_c112913 _d112913 |
||